000 01364nam0a22002771 4500
001 rc\3613649
005 20260406134729.0
021 _aRU
_b[74-6709]
035 _a(NLR Aleph) 007817858
090 _a7733877
_c7733877
100 _a20130115d1973 |||y0rusy50 ca
101 0 _arus
102 _aRU
105 _aa z |||||
200 1 _aПути переустройства сельского расселения и реконструкции сел в северных областях Казахстана
_eТруды
_f[Редколлегия: М.А. Гендельман (отв. ред.) и др.]
_gМ-во сельск. xoз-ва СССР Целиногр. с -х ин-т
210 _aЦелиноград
_c[ЦСХИ]
_d1973
215 _a50 с.
_cчерт.
_d20
606 _aНаселенные места, сельские
_xПланировка и строительство
_yКазахская ССР
_2psbo
606 _aНаселение сельское
_xРасселение
_yКазахская ССР
_2psbo
702 1 _aГендельман
_bМ.А.
_gМоисей Аронович
_4340
712 0 2 _aЦелиноградский сельскохозяйственный институт
_3RU\NLR\AUTH\889917735
_9331618
801 0 _aRU
_bNLR
_gpsbo
801 1 _aRU
_bELAR
_2rusmarc
852 _aNLR
_j73-4/47660
942 _cBOOK
980 _aNB